| 000 | 00568nam a2200169Ia 4500 | ||
|---|---|---|---|
| 008 | 090201s9999 xx 000 0 und d | ||
| 010 | _aKPL-19017 | ||
| 040 | _bमराठी | ||
| 041 | _aमराठी | ||
| 082 |
_a10350 _b19017 |
||
| 100 | _aग. चि. ढेरे | ||
| 245 |
_aलौकिक आणि अलौकिक _cग. चि. ढेरे |
||
| 260 |
_c2004 _bइंद्रायणी साहित्य प्रकाशन |
||
| 300 |
_a10 _bमोठा |
||
| 600 | _aलौकिक आणि अलौकिक | ||
| 942 | _cBOOK | ||
| 999 |
_c210807 _d210807 |
||